Every RLCS Winner - Statistics

General Stats
  • This quiz has been taken 55 times
    9 since last reset
  • The average score is 29 of 36
Answer Stats
Season Player % Correct
S21-22 Seikoo
100%
S22-23 Alpha54
86%
S25 Atomic
86%
S25 BeastMode
86%
S25 Daniel
86%
S24 dralii
86%
S24 ExoTiiK
86%
S21-22 Extra
86%
S7 Fairy Peak
86%
S8 GarretG
86%
S6 Gimmick
86%
S8 jstn
86%
S4 Kaydop
86%
S5 Kaydop
86%
S7 Kaydop
86%
S1 Kronovi
86%
S2 kuxir97
86%
S21-22 M0nkey M00n
86%
S24 M0nkey M00n
86%
S22-23 Radosin
86%
S6 Squishy
86%
S6 Torment
86%
S3 Turbopolsa
86%
S4 Turbopolsa
86%
S5 Turbopolsa
86%
S8 Turbopolsa
86%
S4 Violentpanda
86%
S5 Violentpanda
86%
S22-23 Zen
86%
S3 Deevo
71%
S7 Scrub Killa
71%
S1 0ver zer0
57%
S2 gReazymeister
43%
S1 Lachinio
43%
S2 Markydooda
43%
S3 remkoe
43%
No matching quizzes found
Score Distribution
Percent of People with Each Score
Percentile by Number Answered
Your Score History
You have not taken this quiz since the last reset